000 00541nam a2200181 i 4500
001 132296
003 ES-MaACL
005 20250911063551.0
007 t|
008 070214s1929 ag r ||||1| spa d
100 0 _aRomero, Francisco,
_d1891-1962
_999324
245 1 0 _aÍndice de problemas /
_cFrancisco Romero.
260 _aBuenos Aires :
_b[s. n.],
_c1929 (
_fImpr. Coni)
300 _a16 p. ;
_c28 cm.
595 _aSeparata de: Humanidades, t. XIX, p. 181-194.
852 _aES-MaACL
_j1725-F-17
999 _c132296
_d132296